000 01367cam a2200133 4500500
005 20260329023209.0
041 _afre
042 _adc
100 1 0 _aPirlot, Gérard
_eauthor
245 0 0 _aClassifications et nosologies des troubles psychiques : Approches psychiatrique et psychanalytique
260 _bArmand Colin,
_c2013.
520 _aUn outil indispensable pour tout futur clinicien qui trouvera tous les repères nécessaires pour appréhender les différentes approches taxinomiques. Il rappelle l’historique et les enjeux des classifications des maladies mentales depuis l’Antiquité à nos jours, souligne la finesse du vocabulaire sémiologique psychiatrique qui impose, outre classification, concision et précision. Enfin, il fait le point sur les évolutions de la nosologie psychanalytique tant dans ses dimensions psychiques que psychosomatiques et de ses propositions lors d’investigations cliniques. Gérard Pirlot est professeur de psychopathologie psychanalytique à l’université de Toulouse, psychanalyste, membre de la Société Psychanalytique de Paris, ancien psychiatre des Hôpitaux, et directeur du Laboratoire Cliniques Psychopathologique et Interculturelle (LCPI, Toulouse II, EA 4591).
856 4 1 _uhttps://shs.cairn.info/classifications-et-nosologies-des-troubles--9782200282202?lang=fr&redirect-ssocas=7080
999 _c1925406
_d1925406